000 00429nam a2200181Ia 4500
008 151202s9999||||xx |||||||||||||| ||und||
082 _bPNVM-6138
100 _aFARMER CICELY.
245 _aSUNRISE OVER INDIA.
260 _bV.GOLLANCZ.
260 _c1934
300 _a286
600 _aFARMER CICELY.
630 _aSUNRISE OVER INDIA.
700 _aFARMER CICELY.
730 _aSUNRISE OVER INDIA.
942 _cBOOK
999 _c1272132
_d1272129